[Event "Rio de Janeiro op 3rd"]
[Site "Rio de Janeiro"]
[Date "2024.04.22"]
[Round "1"]
[White "Guimaraes, Wagner Peixoto"]
[Black "Rovedo, Salomao"]
[Result "1-0"]
[WhiteElo "2140"]
[BlackElo "1748"]
[PlyCount "53"]
[EventDate "2024.04.22"]
[EventType "swiss"]
[EventRounds "9"]
[EventCountry "BRA"]
[SourceTitle "CB18_2024"]
[SourceDate "2024.05.01"]
[SourceVersion "1"]
[SourceVersionDate "2024.05.01"]
[SourceQuality "2"]

1. e4 c5 2. Nf3 Nc6 3. d4 cxd4 4. Nxd4 e5 5. Nb5 d6 6. N1c3 a6 7. Na3 Nf6 8. Bg5 Be7 9. Nc4 h6 10. Bxf6 gxf6 11. Nd5 b5 12. Ncb6 Rb8 13. Nxc8 Rxc8 14. c3 Bf8 15. Qg4 h5 16. Nxf6+ Ke7 17. Nxh5 Rh6 18. Ng3 Ke8 19. Bd3 Rg6 20. Qf3 Ne7 21. h4 Ng8 22. Nf5 Rf6 23. g4 Rg6 24. g5 f6 25. h5 Rxg5 26. h6 Rxf5 27. Qxf5 1-0

[Event "Titled Tuesday intern op 23rd Jan Late"]
[Site "Chess.com INT"]
[Date "2024.01.23"]
[Round "8"]
[White "Pham, Le Thao Nguyen"]
[Black "Guimaraes, Wagner Peixoto"]
[Result "1/2-1/2"]
[WhiteElo "2395"]
[BlackElo "2136"]
[PlyCount "136"]
[EventDate "2024.01.23"]
[EventType "swiss (blitz)"]
[EventRounds "11"]
[EventCountry "USA"]
[SourceTitle "CB05_2024"]
[SourceDate "2024.01.31"]
[SourceVersion "1"]
[SourceVersionDate "2024.01.31"]
[SourceQuality "1"]

1. d4 Nf6 2. Nf3 e6 3. Bf4 b6 4. e3 Bb7 5. h3 Be7 6. Be2 0-0 7. 0-0 c5 8. a4 Nc6 9. Nc3 d6 10. Bh2 a6 11. Re1 Rc8 12. Bf1 cxd4 13. exd4 Na5 14. Nb1 Qc7 15. c3 Nc4 16. Bxc4 Qxc4 17. Nbd2 Qc6 18. Nf1 Rfe8 19. Ne3 Bf8 20. Qe2 g6 21. Nc2 a5 22. Na3 e5 23. dxe5 dxe5 24. Nb5 Ra8 25. Bxe5 Nd7 26. Nbd4 Qd5 27. Qb5 Nxe5 28. Qxd5 Nxf3+ 29. Qxf3 Bxf3 30. Nxf3 Bc5 31. Kf1 Kf8 32. Rad1 Rxe1+ 33. Nxe1 Ke7 34. Ke2 h5 35. Nd3 Bd6 36. Kf3 Rc8 37. Re1+ Kd7 38. Re4 f5 39. Rd4 Ke6 40. Nf4+ Bxf4 41. Kxf4 Rc6 42. h4 Kf6 43. g3 Re6 44. f3 Rc6 45. b3 Rxc3 46. Rd6+ Kg7 47. Rxb6 Rd3 48. Kg5 Rxf3 49. Rxg6+ Kf7 50. Kxh5 Rxb3 51. Kh6 Rb4 52. Rg5 Kf6 53. Rg8 Rxa4 54. Rf8+ Ke5 55. h5 Rg4 56. Ra8 Rxg3 57. Rxa5+ Kf4 58. Kh7 Rh3 59. h6 Kg5 60. Ra6 f4 61. Ra5+ Kg4 62. Kg6 f3 63. h7 f2 64. Rg5+ Kf3 65. Rf5+ Ke2 66. Kg7 Rxh7+ 67. Kxh7 f1Q 68. Rxf1 Kxf1 1/2-1/2

[Event "Titled Tuesday intern op 19th Dec Early"]
[Site "Chess.com INT"]
[Date "2023.12.19"]
[Round "9"]
[White "Guimaraes, Wagner Peixoto"]
[Black "Avila Rodriguez, Joshua Ad"]
[Result "0-1"]
[WhiteElo "2136"]
[BlackElo "2251"]
[PlyCount "57"]
[EventDate "2023.12.19"]
[EventType "swiss (blitz)"]
[EventRounds "11"]
[EventCountry "USA"]
[SourceTitle "CB52_2023"]
[SourceDate "2023.12.27"]
[SourceVersion "1"]
[SourceVersionDate "2023.12.27"]
[SourceQuality "1"]

1. e4 c5 2. Nf3 d6 3. d4 cxd4 4. Nxd4 Nf6 5. Nc3 a6 6. Bg5 e6 7. f4 h6 8. Bxf6 Qxf6 9. f5 Nc6 10. Nb3 b5 11. fxe6 fxe6 12. Bd3 Be7 13. Qh5+ g6 14. Qe2 Ne5 15. 0-0-0 Bb7 16. Kb1 0-0 17. Rhf1 Qh4 18. Nd4 Bc8 19. Rxf8+ Bxf8 20. g3 Qg4 21. Qe1 Bd7 22. a3 Rc8 23. Be2 Qg5 24. Nf3 Nxf3 25. Bxf3 Qe5 26. Qd2 a5 27. Qd4 Qxd4 28. Rxd4 Kf7 29. b4 0-1

[Event "Titled Tuesday intern op 19th Dec Early"]
[Site "Chess.com INT"]
[Date "2023.12.19"]
[Round "11"]
[White "Guimaraes, Wagner Peixoto"]
[Black "Lacasa Diaz, Jose Antonio"]
[Result "1-0"]
[WhiteElo "2136"]
[BlackElo "2341"]
[PlyCount "53"]
[EventDate "2023.12.19"]
[EventType "swiss (blitz)"]
[EventRounds "11"]
[EventCountry "USA"]
[SourceTitle "CB52_2023"]
[SourceDate "2023.12.27"]
[SourceVersion "1"]
[SourceVersionDate "2023.12.27"]
[SourceQuality "1"]

1. d4 Nf6 2. c4 c5 3. d5 g6 4. Nc3 Bg7 5. e4 0-0 6. Nf3 d6 7. h3 Nbd7 8. Be2 Re8 9. 0-0 a6 10. a4 e5 11. dxe6 Rxe6 12. Ng5 Re8 13. Qxd6 h6 14. Nf3 Nxe4 15. Nxe4 Rxe4 16. Be3 Qe7 17. Qxe7 Rxe7 18. Rab1 a5 19. Rfd1 b6 20. Rd6 Rb8 21. b3 Bb7 22. Rbd1 Nf8 23. Rxb6 Bxf3 24. Rxb8 Bxe2 25. Rdd8 Rc7 26. Bf4 Rc6 27. Bd6 1-0

[Event "Titled Tuesday intern op 19th Dec Early"]
[Site "Chess.com INT"]
[Date "2023.12.19"]
[Round "8"]
[White "Omariev, Maksim"]
[Black "Guimaraes, Wagner Peixoto"]
[Result "0-1"]
[WhiteElo "2304"]
[BlackElo "2136"]
[PlyCount "114"]
[EventDate "2023.12.19"]
[EventType "swiss (blitz)"]
[EventRounds "11"]
[EventCountry "USA"]
[SourceTitle "CB52_2023"]
[SourceDate "2023.12.27"]
[SourceVersion "1"]
[SourceVersionDate "2023.12.27"]
[SourceQuality "1"]

1. g4 c5 2. Bg2 Nc6 3. c4 g6 4. Nc3 Bg7 5. h4 d6 6. g5 h6 7. h5 hxg5 8. hxg6 fxg6 9. Rxh8 Bxh8 10. d3 Bf6 11. Be3 Qa5 12. Qd2 Nd4 13. 0-0-0 g4 14. Kb1 Be6 15. Bf4 0-0-0 16. e3 Nc6 17. Nge2 Ne5 18. b3 Nf3 19. Qc2 g5 20. Bg3 Nh6 21. Nd5 Bxd5 22. cxd5 Nf5 23. Rh1 N5h4 24. Bf1 Qd2 25. Qxd2 Nxd2+ 26. Kc2 Ndf3 27. Nc3 Bxc3 28. Kxc3 Rf8 29. Be2 Kd8 30. Kc2 b5 31. a4 a6 32. Bxf3 Nxf3 33. axb5 axb5 34. Ra1 Ke8 35. Ra5 b4 36. Ra7 Kf7 37. d4 cxd4 38. e4 Ne5 39. Kd2 Kf6 40. Rb7 Rc8 41. Rxb4 d3 42. Rb7 Rc2+ 43. Ke3 Re2+ 44. Kd4 d2 45. Bxe5+ dxe5+ 46. Kc5 d1Q 47. b4 Qc2+ 48. Kb5 Qxe4 49. Rb6+ Kf7 50. Kc5 Qd4+ 51. Kb5 Rb2 52. Ka6 Rxb4 53. Rc6 Qxd5 54. Rc7 Qb5+ 55. Ka7 Qb6+ 56. Ka8 Ra4+ 57. Ra7 Rxa7# 0-1

[Event "Niteroi op 3rd"]
[Site "Niteroi"]
[Date "2023.09.07"]
[Round "5"]
[White "Trombini, Fabio"]
[Black "Guimaraes, Wagner Peixoto"]
[Result "1/2-1/2"]
[WhiteElo "1868"]
[BlackElo "2173"]
[PlyCount "100"]
[EventDate "2023.09.04"]
[EventType "swiss"]
[EventRounds "9"]
[EventCountry "BRA"]
[SourceTitle "EXT 2024"]
[Source "ChessBase"]
[SourceDate "2023.10.10"]
[SourceVersion "1"]
[SourceVersionDate "2023.10.10"]
[SourceQuality "1"]

1. b3 b6 2. e4 Bb7 3. Nc3 g6 4. Bb2 Bg7 5. d4 d6 6. Nf3 Nd7 7. Bd3 e6 8. Qe2 a6 9. 0-0-0 b5 10. e5 d5 11. Kb1 Qb8 12. Qe3 b4 13. Na4 Bc6 14. Nc5 a5 15. Nxd7 Bxd7 16. h4 h6 17. h5 g5 18. Nh2 a4 19. Ng4 Qa7 20. f4 axb3 21. axb3 Qa2+ 22. Kc1 f5 23. exf6 Nxf6 24. Bg6+ Kd8 25. Ne5 gxf4 26. Qxf4 Rf8 27. Qg3 Ne4 28. Bxe4 Bf6 29. Bd3 Bg5+ 30. Rd2 Bxd2+ 31. Kxd2 Qxb2 32. Qg7 Rf2+ 33. Ke3 Be8 34. Kxf2 Qxd4+ 35. Kg3 Qe3+ 36. Nf3 Qb6 37. Qxh6 Kc8 38. Re1 Qd6+ 39. Kh3 Kb7 40. g3 Ra5 41. Ne5 Qc5 42. Qe3 Qf8 43. g4 Qh8 44. Ng6 Qc3 45. Qxe6 Bd7 46. Qe5 d4 47. Qxa5 Qxe1 48. Qe5 Qh1+ 49. Qh2 Qf3+ 50. Qg3 Qh1+ 1/2-1/2

[Event "Niteroi op 3rd"]
[Site "Niteroi"]
[Date "2023.09.04"]
[Round "1"]
[White "Morioka, Felipe Yukio"]
[Black "Guimaraes, Wagner Peixoto"]
[Result "0-1"]
[WhiteElo "1656"]
[BlackElo "2173"]
[PlyCount "58"]
[EventDate "2023.09.04"]
[EventType "swiss"]
[EventRounds "9"]
[EventCountry "BRA"]
[SourceTitle "EXT 2024"]
[Source "ChessBase"]
[SourceDate "2023.10.10"]
[SourceVersion "1"]
[SourceVersionDate "2023.10.10"]
[SourceQuality "1"]

1. Nf3 Nf6 2. g3 b6 3. Bg2 Bb7 4. 0-0 g6 5. d3 Bg7 6. e4 d6 7. Nbd2 c5 8. a4 Qc7 9. Nc4 Nc6 10. c3 0-0 11. Qc2 d5 12. Ncd2 Rad8 13. Re1 dxe4 14. dxe4 Ba6 15. Bf1 Bxf1 16. Nxf1 Qd7 17. Qd2 Qe6 18. Qf4 h6 19. Kg2 Rd3 20. N1d2 Rfd8 21. h3 Nh5 22. Qg4 Qxg4 23. hxg4 Nf6 24. g5 hxg5 25. Nxg5 Rxd2 26. Bxd2 Rxd2 27. Rab1 Ng4 28. Nh3 Nce5 29. Red1 Ne3+ 0-1

[Event "Titled Tuesday intern op 04th Jul Late"]
[Site "Chess.com INT"]
[Date "2023.07.04"]
[Round "9"]
[White "Upper, John"]
[Black "Guimaraes, Wagner Peixoto"]
[Result "1-0"]
[WhiteElo "1980"]
[BlackElo "2173"]
[PlyCount "67"]
[EventDate "2023.07.04"]
[EventType "swiss (blitz)"]
[EventRounds "11"]
[EventCountry "USA"]
[SourceTitle "EXT 2024"]
[Source "ChessBase"]
[SourceDate "2023.10.10"]
[SourceVersion "1"]
[SourceVersionDate "2023.10.10"]
[SourceQuality "1"]

1. d4 Nf6 2. Nf3 g6 3. c4 Bg7 4. Nc3 d5 5. cxd5 Nxd5 6. Qb3 Nb6 7. e4 0-0 8. Be3 Nc6 9. Rd1 Bg4 10. d5 Bxf3 11. gxf3 Ne5 12. Be2 Qc8 13. h4 h5 14. a4 c5 15. a5 c4 16. Qc2 Nbd7 17. f4 Nd3+ 18. Bxd3 cxd3 19. Qxd3 Nf6 20. f3 Rd8 21. e5 Nd7 22. e6 fxe6 23. Qxg6 Nf8 24. Qxh5 exd5 25. Rg1 Qe6 26. Kf2 Qf7 27. Qh6 Ne6 28. Bd4 Nxd4 29. Rxd4 e6 30. Rdd1 Kf8 31. Qh7 Rac8 32. Rg6 d4 33. Ne4 Rc2+ 34. Kg3 1-0

[Event "Rio de Janeiro op 2nd"]
[Site "Rio de Janeiro"]
[Date "2023.05.05"]
[Round "7"]
[White "Campos, Alexandre Ferreira"]
[Black "Guimaraes, Wagner Peixoto"]
[Result "0-1"]
[WhiteElo "2049"]
[BlackElo "2194"]
[PlyCount "104"]
[EventDate "2023.05.02"]
[EventType "swiss"]
[EventRounds "9"]
[EventCountry "BRA"]
[SourceTitle "CBM 214 Extra"]
[Source "ChessBase"]
[SourceDate "2023.07.31"]
[SourceVersion "1"]
[SourceVersionDate "2023.07.31"]
[SourceQuality "1"]

1. c4 e6 2. g3 Nf6 3. Bg2 d5 4. Nf3 Be7 5. 0-0 0-0 6. d4 dxc4 7. Ne5 Nc6 8. Bxc6 bxc6 9. Nxc6 Qe8 10. Nxe7+ Qxe7 11. Qa4 e5 12. Qxc4 exd4 13. Bg5 Bb7 14. Qxd4 Qxe2 15. f3 Bxf3 16. Qf2 Qxf2+ 17. Rxf2 Ne4 18. Rxf3 Nxg5 19. Rf5 h6 20. Nd2 Rad8 21. Nc4 Rfe8 22. Kf1 Re4 23. Rc1 g6 24. Ra5 Nf3 25. Rc2 Rxc4 26. Rf2 Rd2 27. Rxd2 Nxd2+ 28. Ke2 Ne4 29. Kd3 Nd6 30. Rxa7 c5 31. a4 Rb4 32. Kc3 h5 33. b3 h4 34. gxh4 Rxh4 35. Rd7 Rh3+ 36. Kc2 Nf5 37. Rb7 Nd4+ 38. Kb2 Rxh2+ 39. Kb1 Kg7 40. a5 Rh8 41. Kb2 Ra8 42. Kc3 Rxa5 43. Kc4 Ne6 44. Kd5 Ra2 45. Kd6 g5 46. Ke5 Rb2 47. Kf5 Rxb3 48. Ra7 c4 49. Ra4 c3 50. Rc4 Rb5+ 51. Kg4 Rc5 52. Kh5 Nf4+ 0-1

[Event "Rio de Janeiro op 2nd"]
[Site "Rio de Janeiro"]
[Date "2023.05.03"]
[Round "2"]
[White "Guimaraes, Wagner Peixoto"]
[Black "Carneiro, Luis Guilherme Rosa"]
[Result "1-0"]
[WhiteElo "2194"]
[BlackElo "1733"]
[PlyCount "45"]
[EventDate "2023.05.02"]
[EventType "swiss"]
[EventRounds "9"]
[EventCountry "BRA"]
[SourceTitle "CBM 214 Extra"]
[Source "ChessBase"]
[SourceDate "2023.07.31"]
[SourceVersion "1"]
[SourceVersionDate "2023.07.31"]
[SourceQuality "1"]

1. e4 c5 2. Nf3 g6 3. d4 cxd4 4. Nxd4 Nc6 5. c4 Nf6 6. Nc3 Bg7 7. Be3 0-0 8. Be2 d6 9. 0-0 Bd7 10. Nb3 Qc8 11. f3 Be6 12. Nd5 Re8 13. Qd2 Ne5 14. Rac1 Bd7 15. Rfd1 Bc6 16. Nd4 Nfd7 17. Nb5 Bxb5 18. cxb5 Qb8 19. Nc7 Rc8 20. Nxa8 Qxa8 21. Rxc8+ Qxc8 22. Rc1 Qd8 23. Qc2 1-0

[Event "Rio de Janeiro op 2nd"]
[Site "Rio de Janeiro"]
[Date "2023.05.02"]
[Round "1"]
[White "Nascimento, Nicolas Daniel Trin"]
[Black "Guimaraes, Wagner Peixoto"]
[Result "1/2-1/2"]
[WhiteElo "1643"]
[BlackElo "2194"]
[PlyCount "60"]
[EventDate "2023.05.02"]
[EventType "swiss"]
[EventRounds "9"]
[EventCountry "BRA"]
[SourceTitle "CBM 214 Extra"]
[Source "ChessBase"]
[SourceDate "2023.07.31"]
[SourceVersion "1"]
[SourceVersionDate "2023.07.31"]
[SourceQuality "1"]

1. Nf3 Nf6 2. c4 e6 3. Nc3 d5 4. d4 c5 5. e3 Nc6 6. cxd5 Nxd5 7. e4 Nxc3 8. bxc3 cxd4 9. cxd4 Bb4+ 10. Bd2 Bxd2+ 11. Qxd2 0-0 12. Bb5 Qd6 13. 0-0 Rd8 14. Rfd1 Bd7 15. d5 Ne5 16. Be2 Nxf3+ 17. Bxf3 exd5 18. Qb2 Qb6 19. Qxb6 axb6 20. exd5 Kf8 21. g3 Ra3 22. Bg2 Rc8 23. d6 Bc6 24. Bxc6 bxc6 25. Rab1 b5 26. Rbc1 Rxa2 27. d7 Rd8 28. Rxc6 Ke7 29. Rb1 Rxd7 30. Rxb5 f6 1/2-1/2

[Event "Rio de Janeiro op 04"]
[Site "Rio de Janeiro"]
[Date "2023.05.01"]
[Round "5"]
[White "Guimaraes, Wagner Peixoto"]
[Black "Yunes, David Teles"]
[Result "1-0"]
[WhiteElo "2194"]
[BlackElo "1958"]
[PlyCount "87"]
[EventDate "2023.04.29"]
[EventType "swiss"]
[EventRounds "6"]
[EventCountry "BRA"]
[SourceTitle "CBM 214 Extra"]
[Source "ChessBase"]
[SourceDate "2023.07.31"]
[SourceVersion "1"]
[SourceVersionDate "2023.07.31"]
[SourceQuality "1"]

1. e4 c5 2. Nf3 Nc6 3. Bb5 g6 4. 0-0 Bg7 5. c3 Nf6 6. Re1 0-0 7. e5 Nd5 8. d4 cxd4 9. cxd4 d6 10. h3 Nc7 11. Bxc6 bxc6 12. Nc3 a5 13. Bf4 Ne6 14. exd6 exd6 15. Bh2 d5 16. Rc1 Bh6 17. Rc2 Nf4 18. Bxf4 Bxf4 19. Ne2 Bd6 20. Rxc6 Re8 21. Ng3 Rxe1+ 22. Qxe1 Qd7 23. Rc1 f6 24. Qe3 Ba6 25. Re1 Kf7 26. Qh6 Kg8 27. Nh2 Bxg3 28. fxg3 Re8 29. Rxe8+ Qxe8 30. Ng4 Qc6 31. Qe3 Kf7 32. Qf4 Kg7 33. Kh2 a4 34. a3 Bc8 35. Ne3 Ba6 36. Qb8 Qb7 37. Qd6 Bc4 38. Ng4 Qf7 39. Ne3 Qb7 40. Nxc4 dxc4 41. d5 Qxb2 42. Qc7+ Kf8 43. d6 Qe5 44. Qc8+ 1-0

[Event "Rio de Janeiro op 04"]
[Site "Rio de Janeiro"]
[Date "2023.05.01"]
[Round "6"]
[White "Salles, Marvio Darilho"]
[Black "Guimaraes, Wagner Peixoto"]
[Result "1-0"]
[WhiteElo "2066"]
[BlackElo "2194"]
[PlyCount "129"]
[EventDate "2023.04.29"]
[EventType "swiss"]
[EventRounds "6"]
[EventCountry "BRA"]
[SourceTitle "CBM 214 Extra"]
[Source "ChessBase"]
[SourceDate "2023.07.31"]
[SourceVersion "1"]
[SourceVersionDate "2023.07.31"]
[SourceQuality "1"]

1. Nf3 e6 2. c4 Nf6 3. g3 d5 4. b3 Be7 5. Bg2 0-0 6. Bb2 c5 7. 0-0 d4 8. b4 cxb4 9. Nxd4 e5 10. Nb3 Nc6 11. d3 Qc7 12. a3 Be6 13. axb4 Nxb4 14. Nc3 a6 15. e4 Rac8 16. Rc1 Qb8 17. Re1 Nd7 18. Nd5 Bxd5 19. exd5 Bd6 20. d4 exd4 21. Qxd4 Be5 22. Rxe5 Nxe5 23. f4 Nbd3 24. fxe5 Nxc1 25. Nxc1 Qc7 26. Bf1 Rfd8 27. Nb3 b6 28. d6 Qd7 29. c5 bxc5 30. Nxc5 Qa7 31. Nxa6 Qxd4+ 32. Bxd4 f6 33. Nc7 fxe5 34. Bxe5 Rb8 35. Bc4+ Kh8 36. Ne6 Rd7 37. Nc5 Rdd8 38. d7 Rb1+ 39. Kg2 Rc1 40. Bxg7+ Kxg7 41. Ne6+ Kf6 42. Nxd8 Ke7 43. Nb7 Kxd7 44. Be2 Ke7 45. Na5 Kf7 46. Nc4 Kg7 47. Kf2 Ra1 48. Ne3 h6 49. Kf3 Ra3 50. Bc4 Ra1 51. Bd3 Ra3 52. Be4 Kf6 53. Kf4 Ra1 54. Nd5+ Kg7 55. Ke5 Ra2 56. h4 Ra5 57. Kf4 Ra2 58. Nc7 Ra3 59. Nb5 Ra1 60. Nd4 Rf1+ 61. Kg4 Ra1 62. h5 Ra4 63. Nf5+ Kf6 64. Kf4 Ra5 65. g4 1-0

[Event "Titled Tuesday intern op 28th Feb Late"]
[Site "Chess.com INT"]
[Date "2023.02.28"]
[Round "5"]
[White "Guimaraes, Wagner Peixoto"]
[Black "Bezerra, Natacio Goncalves"]
[Result "1/2-1/2"]
[WhiteElo "2194"]
[BlackElo "1991"]
[PlyCount "88"]
[EventDate "2023.02.28"]
[EventType "swiss (blitz)"]
[EventRounds "11"]
[EventCountry "USA"]
[SourceTitle "CBM 213 Extra"]
[Source "ChessBase"]
[SourceDate "2023.05.31"]
[SourceVersion "1"]
[SourceVersionDate "2023.05.31"]
[SourceQuality "1"]

1. Nf3 Nf6 2. g3 c5 3. Bg2 g6 4. c4 Bg7 5. 0-0 0-0 6. d4 cxd4 7. Nxd4 Nc6 8. Nc3 d6 9. b3 Bd7 10. Bb2 a6 11. Rc1 Rc8 12. Qd2 Ne5 13. Bxb7 Rc7 14. Bg2 Nc6 15. Nxc6 Bxc6 16. Nd5 Bxd5 17. cxd5 Rxc1 18. Rxc1 a5 19. Rc6 a4 20. bxa4 Qd7 21. a5 Rb8 22. a6 h5 23. h3 Kh7 24. Bxf6 Rb1+ 25. Kh2 Bxf6 26. Qc2 Rb2 27. Qc4 Qa7 28. Qf4 Rxa2 29. h4 Rxa6 30. Rxa6 Qxa6 31. Bf3 Qa2 32. Qe4 Kg7 33. Qe3 Qb2 34. Qe4 Qe5 35. Qxe5 Bxe5 36. e3 Kf8 37. Kg2 Ke8 38. Be2 Kd8 39. f4 Bc3 40. e4 e6 41. dxe6 fxe6 42. Kf3 Ke7 43. Bb5 Kf6 44. Bd7 e5 1/2-1/2

[Event "Titled Tuesday intern op 28th Feb Late"]
[Site "Chess.com INT"]
[Date "2023.02.28"]
[Round "10"]
[White "Guimaraes, Wagner Peixoto"]
[Black "Sabar, Ethmane Daouda"]
[Result "1-0"]
[WhiteElo "2194"]
[BlackElo "2040"]
[PlyCount "51"]
[EventDate "2023.02.28"]
[EventType "swiss (blitz)"]
[EventRounds "11"]
[EventCountry "USA"]
[SourceTitle "CBM 213 Extra"]
[Source "ChessBase"]
[SourceDate "2023.05.31"]
[SourceVersion "1"]
[SourceVersionDate "2023.05.31"]
[SourceQuality "1"]

1. d4 d5 2. Nf3 Nf6 3. c3 g6 4. Bg5 Bg7 5. Qc2 0-0 6. Nbd2 Bf5 7. Qb3 b6 8. e3 Nbd7 9. Bb5 c5 10. Bc6 c4 11. Qa3 Rc8 12. Bxd7 Qxd7 13. Ne5 Qc7 14. Bf4 Qb7 15. h3 Nd7 16. Qxe7 Rce8 17. Qd6 Re6 18. Qxd7 Qxd7 19. Nxd7 Rd8 20. Ne5 f6 21. Nef3 Bd3 22. Ng1 g5 23. Bg3 f5 24. 0-0-0 Rf8 25. Ngf3 f4 26. Nxg5 1-0

[Event "Florianopolis op 9th"]
[Site "Florianopolis"]
[Date "2023.01.29"]
[Round "10"]
[White "Guimaraes, Wagner Peixoto"]
[Black "Silva, Caio Henrique Angel"]
[Result "1/2-1/2"]
[WhiteElo "2199"]
[BlackElo "2081"]
[PlyCount "46"]
[EventDate "2023.01.23"]
[EventType "swiss"]
[EventRounds "10"]
[EventCountry "BRA"]
[SourceTitle "CBM 212 Extra"]
[Source "ChessBase"]
[SourceDate "2023.03.31"]
[SourceVersion "1"]
[SourceVersionDate "2023.03.31"]
[SourceQuality "1"]

1. d4 Nf6 2. c4 g6 3. Nc3 d5 4. cxd5 Nxd5 5. e4 Nxc3 6. bxc3 Bg7 7. Bc4 c5 8. Be3 Nc6 9. Ne2 0-0 10. 0-0 Bg4 11. f3 Bd7 12. Qd2 Qa5 13. Rfd1 cxd4 14. cxd4 Qxd2 15. Rxd2 Rfc8 16. Rb1 Na5 17. Bd3 a6 18. Kf2 b5 19. Nc1 Rab8 20. Be2 Be6 21. d5 Bd7 22. Bd4 Bh6 23. Be3 Bg7 1/2-1/2

[Event "Florianopolis op 9th"]
[Site "Florianopolis"]
[Date "2023.01.28"]
[Round "9"]
[White "Ccerhuayo Escobedo, Mels Leopold"]
[Black "Guimaraes, Wagner Peixoto"]
[Result "0-1"]
[WhiteElo "1988"]
[BlackElo "2199"]
[PlyCount "52"]
[EventDate "2023.01.23"]
[EventType "swiss"]
[EventRounds "10"]
[EventCountry "BRA"]
[SourceTitle "CBM 212 Extra"]
[Source "ChessBase"]
[SourceDate "2023.03.31"]
[SourceVersion "1"]
[SourceVersionDate "2023.03.31"]
[SourceQuality "1"]

1. e4 c5 2. Nf3 d6 3. d4 cxd4 4. Nxd4 Nf6 5. Nc3 g6 6. Be3 Bg7 7. Be2 0-0 8. Qd2 Nc6 9. 0-0-0 d5 10. Nxc6 bxc6 11. Bh6 Be6 12. Bxg7 Kxg7 13. Qd4 Qb6 14. exd5 cxd5 15. Qxb6 axb6 16. Bf3 Ra5 17. Rhe1 Rc8 18. Rd4 Rcc5 19. Red1 g5 20. h3 h5 21. R1d2 g4 22. Bxd5 gxh3 23. gxh3 Bxh3 24. R2d3 Bg4 25. Rg3 Kf8 26. Bf3 e6 0-1

[Event "Florianopolis op 9th"]
[Site "Florianopolis"]
[Date "2023.01.26"]
[Round "6"]
[White "Guimaraes, Wagner Peixoto"]
[Black "Carvalho, Celestino Jr"]
[Result "1-0"]
[WhiteElo "2199"]
[BlackElo "1953"]
[PlyCount "73"]
[EventDate "2023.01.23"]
[EventType "swiss"]
[EventRounds "10"]
[EventCountry "BRA"]
[SourceTitle "CBM 212 Extra"]
[Source "ChessBase"]
[SourceDate "2023.03.31"]
[SourceVersion "1"]
[SourceVersionDate "2023.03.31"]
[SourceQuality "1"]

1. Nf3 Nf6 2. d4 d5 3. c4 e6 4. g3 Be7 5. Bg2 0-0 6. 0-0 Nbd7 7. Qc2 c6 8. Rd1 Ne4 9. b3 f5 10. e3 g5 11. Ne5 Nxe5 12. dxe5 g4 13. Nc3 Qe8 14. f3 gxf3 15. Bxf3 Qg6 16. Ne2 Bg5 17. Nf4 Bxf4 18. exf4 Bd7 19. Bb2 h5 20. Qg2 Rf7 21. Rac1 Kh7 22. cxd5 exd5 23. Qh3 Kh6 24. Bd4 Be6 25. Be3 Rh8 26. Bxe4 dxe4 27. Rd6 Kg7 28. Qh4 Re8 29. h3 a6 30. Rcd1 Kh7 31. Kf2 Rfe7 32. Bb6 Qf7 33. Bd8 Rd7 34. Bg5 Kg6 35. g4 fxg4 36. hxg4 Rh8 37. Bf6 1-0

[Event "Florianopolis op 9th"]
[Site "Florianopolis"]
[Date "2023.01.24"]
[Round "3"]
[White "Japiassu, Ricardo de Villa No"]
[Black "Guimaraes, Wagner Peixoto"]
[Result "0-1"]
[WhiteElo "1964"]
[BlackElo "2199"]
[PlyCount "38"]
[EventDate "2023.01.23"]
[EventType "swiss"]
[EventRounds "10"]
[EventCountry "BRA"]
[SourceTitle "CBM 212 Extra"]
[Source "ChessBase"]
[SourceDate "2023.03.31"]
[SourceVersion "1"]
[SourceVersionDate "2023.03.31"]
[SourceQuality "1"]

1. c4 e6 2. e4 b6 3. Nc3 Bb4 4. Nge2 Bb7 5. g3 f5 6. Bg2 Nf6 7. d3 fxe4 8. 0-0 Bxc3 9. Nxc3 0-0 10. dxe4 d6 11. Be3 e5 12. h3 Nbd7 13. Qc2 a6 14. a4 Kh8 15. Rae1 Qe8 16. f4 exf4 17. gxf4 Qg6 18. Ne2 Rae8 19. f5 Qxg2+ 0-1

[Event "Titled Tuesday intern op 10th Jan Late"]
[Site "Chess.com INT"]
[Date "2023.01.10"]
[Round "7"]
[White "Adel, Sara"]
[Black "Guimaraes, Wagner Peixoto"]
[Result "0-1"]
[WhiteElo "1764"]
[BlackElo "2199"]
[PlyCount "54"]
[EventDate "2023.01.10"]
[EventType "swiss (blitz)"]
[EventRounds "11"]
[EventCountry "USA"]
[SourceTitle "EXT 2024"]
[Source "ChessBase"]
[SourceDate "2023.10.10"]
[SourceVersion "1"]
[SourceVersionDate "2023.10.10"]
[SourceQuality "1"]

1. e4 c5 2. Nc3 d6 3. f4 g6 4. Nf3 e6 5. Bc4 Bg7 6. 0-0 Ne7 7. Qe1 Nbc6 8. d3 a6 9. a4 Nb4 10. Qf2 Bd7 11. Ng5 Bd4 12. Be3 Bxe3 13. Qxe3 Nxc2 14. Qh3 Nxa1 15. f5 Nxf5 16. Nxh7 Qh4 17. exf5 Qxh3 18. Nf6+ Ke7 19. gxh3 gxf5 20. Nxd7 Rag8+ 21. Kf2 Nc2 22. Nb6 Rxh3 23. Rh1 Nd4 24. Ne2 Nxe2 25. Kxe2 Rg2+ 26. Kd1 Rxb2 27. Re1 Rxb6 0-1

[Event "Titled Tuesday intern op 10th Jan Early"]
[Site "Chess.com INT"]
[Date "2023.01.10"]
[Round "10"]
[White "Carbone, Diego"]
[Black "Guimaraes, Wagner Peixoto"]
[Result "0-1"]
[WhiteElo "2350"]
[BlackElo "2199"]
[PlyCount "78"]
[EventDate "2023.01.10"]
[EventType "swiss (blitz)"]
[EventRounds "11"]
[EventCountry "USA"]
[SourceTitle "EXT 2024"]
[Source "ChessBase"]
[SourceDate "2023.10.10"]
[SourceVersion "1"]
[SourceVersionDate "2023.10.10"]
[SourceQuality "1"]

1. d4 Nf6 2. c4 g6 3. g3 Bg7 4. Bg2 0-0 5. Nc3 d6 6. Nf3 Nc6 7. 0-0 a6 8. b3 Rb8 9. d5 Na7 10. Be3 c5 11. h3 b5 12. Rc1 b4 13. Nb1 Qa5 14. Qd2 Ne4 15. Qc2 Bf5 16. Nh4 Nxg3 17. Nxf5 Nxf5 18. Bf4 Rbe8 19. Rcd1 Nd4 20. Qd2 e5 21. dxe6 fxe6 22. e3 e5 23. exd4 exf4 24. dxc5 f3 25. Qd5+ Kh8 26. Bxf3 Rf5 27. Qb7 Qxc5 28. Rd5 Rxd5 29. Bxd5 Rf8 30. Nd2 Nc8 31. Ne4 Qd4 32. Kg2 Qe5 33. Qxa6 h6 34. Qb7 Ne7 35. Re1 Nf5 36. Re2 Nh4+ 37. Kh1 Qf5 38. Re3 Nf3 39. Qc6 Qxh3# 0-1